000 00742nam a2200217Ia 4500
008 170504s9999 xx 000 0 und d
050 _aRD 118
050 _b.Ap645 2016
100 _aApostol, Mikhaela C.
245 4 _aThe effectiveness of a soaked povidone iodine solution in a ready-to-use receptable in the operating room of Las Piñas doctors hospital /
245 _cMikhaela C. Apostol, Francis Paul W. Gascon, Jasmine Selina Lazaro, Ma. Jetca A. Narte.
260 _aLas Piñas, Philippines :
260 _bSISC,
260 _c2016
300 _a50 pages :
300 _billustrations ;
300 _c28 cm.
500 _aIncludes bibliographical references and appendices.
521 _aNursing
650 _aPovidone.
999 _c329702
_d329702